Statistics for Pokemon that start with D

Click here to take the quiz!

General Stats

  • This quiz has been taken 763 times
    (483 since last reset)
  • The average score is 25 of 46

Answer Stats

Gen Answer % Correct
IDragonair
83%
IDragonite
83%
IDratini
83%
IDiglett
79%
IDugtrio
77%
IDodrio
73%
IDoduo
72%
VDarmanitan
67%
IVDialga
62%
IDitto
62%
IIIDuskull
61%
VDarumaka
61%
VDruddigon
60%
IIIDusclops
59%
VDeino
58%
IIIDeoxys
58%
IVDusknoir
57%
IIDunsparce
56%
IVDarkrai
55%
IVDrapion
54%
VIDelphox
53%
IDewgong
53%
IIDonphan
51%
IIIDustox
51%
IDrowzee
49%
VIIDecidueye
49%
IIDelibird
49%
VDewott
48%
VIDedenne
48%
VIIDartrix
48%
VDurant
48%
VIIDrampa
47%
VDucklett
46%
IVDrifloon
46%
VIDiancie
46%
IVDrifblim
45%
VDuosion
43%
VDrilbur
43%
VDwebble
43%
VDeerling
42%
VIDragalge
42%
VIDiggersby
41%
IIIDelcatty
39%
VIDoublade
33%
VIIDhelmise
29%
VIIDewpider
26%

Score Distribution

Percentile by Number Answered

Percent of People with Each Score

Your Score History

You have not taken this quiz since the last reset